000 00323 a2200157 4500
001 58630
020 _a
040 _cAnchieta - Pituba
100 _aLessa, Elsie
240 1 0 _aPonte Rio-Londres
_lpor
245 1 0 _aPonte Rio-Londres
300 _a171
362 0 _a1984
650 4 _aCrônica brasileira
942 _cBK
999 _c58630
_d58630